=LDR 00000nam 2200000 4500 =001 INLIS000000000050230 =005 20170426072420 =035 ##$$a 0010-0417000045 =007 ta =008 170426###########################0###### =020 ##$$a 978 - 979 - 002 - 679 - 7 =082 ##$$a 597 =084 ##$$a 597 AFR p =100 #$$a Afrianto, Eddy =245 1#$$a Penyakity Ikan /$c Eddy Afrianto =250 ##$$a Cet.1 =260 ##$$a Jakarta :$b Penebar Swadaya,$c 2015 =300 ##$$a iv, 220 hlm. : $b Ilus ; $c 23 cm. =650 ##$$a Penyakit Ikan =990 ##$$a 73377337 =990 ##$$a 73377337 =990 ##$$a 31700407 =990 ##$$a 02201707337 =990 ##$$a 31700408 =990 ##$$a 31700407